Alternities / (Record no. 15221)
[ view plain ]
| 000 -LEADER | |
|---|---|
| fixed length control field | 00457cam a22001695a 4500 |
| 020 ## - INTERNATIONAL STANDARD BOOK NUMBER | |
| ISBN | 0441017746 (pbk.) |
| 020 ## - INTERNATIONAL STANDARD BOOK NUMBER | |
| ISBN | 9780441017744 (pbk.) |
| 040 ## - CATALOGING SOURCE | |
| Transcribing agency | NOB |
| 082 ## - DEWEY DECIMAL CLASSIFICATION NUMBER | |
| Classification number | 813 ACE 1988 A097 Or. |
| 100 1# - MAIN ENTRY--AUTHOR NAME | |
| Personal name | Kube-McDowell, Michael P. |
| 245 10 - TITLE STATEMENT | |
| Title | Alternities / |
| 260 ## - PUBLICATION, DISTRIBUTION, ETC. (IMPRINT) | |
| Place of publication | New York : |
| Name of publisher | Ace Books, |
| Year of publication | c1988. |
| 300 ## - PHYSICAL DESCRIPTION | |
| Number of Pages | 383 p. ; |
| Dimensions | 18 cm. |
| 650 #0 - SUBJECT ADDED ENTRY--TOPICAL TERM | |
| Topical Term | Science fiction. |
| 710 2# - ADDED ENTRY--CORPORATE NAME | |
| Corporate name or jurisdiction name as entry element | Copyright Paperback Collection (Library of Congress) |
| 942 ## - ADDED ENTRY ELEMENTS (KOHA) | |
| Koha item type | សៀវភៅភាសាអង់គ្លេស |
| 952 ## - LOCATION AND ITEM INFORMATION (KOHA) | |
| Withdrawn status [LOCAL, KOHA] | 0 |
| Permanent Location | Date acquired | Koha item type | Lost status | Shelving location | Barcode | Current Location | Full call number |
|---|---|---|---|---|---|---|---|
| Library Block A | 2017-11-14 | សៀវភៅភាសាអង់គ្លេស | A097 | A07519 | Library Block A | 813 ACE 1988 A097 Or. |